000 00966nam a2200205 a 4500
001 000121970
003 AM-YeHGA
005 20250617162339.0
008 030329s1932 ||||||||||||||||||||rus|c
040 _aAM-YeHGA
100 1 _aКрейзель, Рихард
245 1 0 _aМетоды палеоботанического исследования :
_bРуководство для изучения ископаемых растений и образованных ими горных пород /
_cРихард Крейзель ; Пер. В.М. Криштофович ; Под ред. А.Н. Криштофовича ; АН СССР.
260 _aЛенинград :
_bИзд-во АН СССР,
_c1932.
300 _a144 с.
650 1 4 _aПалеоботаника
700 1 _aКриштофович, В.М.
_eпер.
_4trl
700 1 _aКриштофович, А.Н.
_eред.
_4edt
710 2 _aАкадемия наук СССР
090 _c491243
999 _c487874
_d487874